| 000 | 01533nam a22002537a 4500 | ||
|---|---|---|---|
| 999 |
_c60289 _d60289 |
||
| 003 | Ge_BSU | ||
| 005 | 20230626142520.0 | ||
| 008 | 230626s1989 ge ||||| |||| 00| 0 geo d | ||
| 041 | _ageo | ||
| 080 | _a94(495)"03/.14" კ-42 | ||
| 100 |
_aპროკოპი კესარიელი _918970 |
||
| 245 |
_aსაიდუმლო ისტორია / _c პროკოპი კესარიელი ძვ. ბერძნ. თარგმნა, შესავ. და კომენტ. დაურთო ნინო ეფრემიძემ; რედ. ნ. ლომოური; საქ. სსრ მეცნ. აკად., აღმოსავლეთმცოდნ. ინ-ტი. |
||
| 264 |
_aთბილისი : _bმეცნიერება, _c1989. |
||
| 300 |
_a124 გვ. ; _b21 სმ. |
||
| 501 | _aკომენტარები: გვ. 117-124. | ||
| 520 | _aრეზ. რუს.ენ. | ||
| 653 | _aბიზანტიის ისტორია | ||
| 653 | _aბიზანტიური წყაროთმცოდნეობა | ||
| 653 | _aთარგმანები ქართულ ენაზე | ||
| 700 |
_aეფრემიძე, ნინო _eმთარგმნელი _918971 |
||
| 700 |
_aლომოური, ნ. _eრედაქტორი _918972 |
||
| 710 |
_aსაქ. სსრ მეცნ. აკადემია _bაღმოსავლეთმცოდნ. ინ-ტი. _918973 |
||
| 942 |
_2udc _cBK |
||